Statistics for Rudyard Kipling's "If"

Click here to take the quiz!

General Stats

  • This quiz has been taken 142 times
  • The average score is 19 of 32

Answer Stats

PoemMissing Word% Correct
If you can keep your ____ when all about youhead
100%
If you can trust ________ when all men doubt you,yourself
98%
    Are losing theirs and _______ it on you,   blaming
90%
    Or being ____ about, don’t deal in ____,lied, lies
88%
    But make allowance for their ________ too;   doubting
86%
If you can _____—and not make ______ your master;   dream, dreams
76%
Or being _____, don’t give way to ______,hated, hating
76%
If you can meet with _______ and DisasterTriumph
76%
    And yet don’t look too good, nor talk too ____:wise
74%
    If you can think—and not make ________ your aim;   thoughts
71%
If you can ____ and not be tired by _______,wait, waiting
71%
Or watch the things you gave your life to, ______,broken
67%
    And treat those two _________ just the same;   imposters
67%
If you can bear to hear the _____ you’ve spokentruth
67%
    Twisted by ______ to make a trap for fools,knaves
64%
If you can make one heap of all your ________winnings
64%
    And never breathe a ____ about your loss;word
64%
    And _____ and build ’em up with worn-out tools:stoop
57%
    And risk it on one ____ of pitch-and-toss,turn
52%
And lose, and start again at your __________beginnings
50%
    Or walk with _____—nor lose the common touch,Kings
50%
    And—which is more—you’ll be a ___, my son!Man
48%
If you can force your heart and _____ and sinewnerve
45%
Yours is the _____ and everything that’s in it,   Earth
43%
    Except the ____ which says to them: ‘Hold on!’Will
43%
And so hold on when there is _______ in younothing
40%
    With sixty seconds’ worth of ________ run,   distance
36%
If neither foes nor ______ friends can hurt you,loving
36%
    To _____ your turn long after they are gone,   serve
36%
    If all men _____ with you, but none too much;count
33%
If you can talk with ______ and keep your virtue,   crowds
31%
If you can fill the ___________ minuteunforgiving
29%

Score Distribution

Percentile by Number Answered

Percent of People with Each Score

Your Score History

You have not taken this quiz